<?xml version="1.0" encoding="UTF-8"?>
<collection xmlns="http://www.loc.gov/MARC21/slim">
 <record>
  <leader>01488nam a2200253 a 4500</leader>
  <controlfield tag="001">TVCDKTCT6733</controlfield>
  <controlfield tag="003">Thư viện trường Cao đẳng Kỹ thuật Cao Thắng</controlfield>
  <controlfield tag="005">20070413000000</controlfield>
  <controlfield tag="008">070413</controlfield>
  <datafield tag="980" ind1="\" ind2="\">
   <subfield code="a">Thư viện Trường CĐ Kỹ Thuật Cao Thắng</subfield>
  </datafield>
  <datafield tag="024" ind1=" " ind2=" ">
   <subfield code="a">RG_1 #1 eb0 i1 i5</subfield>
  </datafield>
  <datafield tag="041" ind1="0" ind2="#">
   <subfield code="a">vie</subfield>
  </datafield>
  <datafield tag="082" ind1="#" ind2="#">
   <subfield code="a">100 / </subfield>
   <subfield code="b">Đ113TR-l</subfield>
  </datafield>
  <datafield tag="100" ind1="1" ind2="#">
   <subfield code="a">Hoàng Anh</subfield>
  </datafield>
  <datafield tag="245" ind1="0" ind2="0">
   <subfield code="a">Đặc trưng của Triết học /</subfield>
   <subfield code="c">Hoàng Anh, Lưu Đan</subfield>
  </datafield>
  <datafield tag="260" ind1="#" ind2="#">
   <subfield code="a">H. :</subfield>
   <subfield code="b">Hà Nội ,</subfield>
   <subfield code="c">2007</subfield>
  </datafield>
  <datafield tag="300" ind1="#" ind2="#">
   <subfield code="a">146tr. ;</subfield>
   <subfield code="c">21cm</subfield>
  </datafield>
  <datafield tag="520" ind1="#" ind2="#">
   <subfield code="a">Sự sống vẫn luôn tồn tại, dòng chảy ngôn ngữ triết học là không ngừng.Rất nhiều cuộc thảo luận xuất phát từ những lý giải triết học của H.G.Gadamer.Cuốn sách này nhấn mạnh triết học phải đi liền hiện thực và cuộc sống thực tế, phải quan hệ mật thiết với sự sinh tồn và tinh thần. Gồm :</subfield>
  </datafield>
  <datafield tag="520" ind1="#" ind2="#">
   <subfield code="a">+ Nổ lực cố gằng ngồi ngay xuống và luận đạo đặc trưng chủ yếu của triết học làm việc</subfield>
  </datafield>
  <datafield tag="520" ind1="#" ind2="#">
   <subfield code="a">+ Đặc trưng cơ bản của hành động và một vài quan hệ của hành động</subfield>
  </datafield>
  <datafield tag="520" ind1="#" ind2="#">
   <subfield code="a">+ Triết học coi trọng lý thuyết càng coi trọng thực hành</subfield>
  </datafield>
  <datafield tag="520" ind1="#" ind2="#">
   <subfield code="a">...</subfield>
  </datafield>
  <datafield tag="650" ind1="#" ind2="4">
   <subfield code="a">Triết học--Đặc trưng</subfield>
  </datafield>
  <datafield tag="700" ind1="0" ind2="#">
   <subfield code="a">Lưu Đan</subfield>
  </datafield>
 </record>
</collection>
